000 00415nam a22001697a 4500
003 OSt
005 20211020091527.0
008 211020b |||||||| |||| 00| 0 eng d
020 _a1559346337
040 _cHU
082 _a305.231/COB
100 _aNANCY J. COBB
_914433
245 _aTHE CHILD INFANTS , CHILDREN AND ADOLESCENTS
260 _aLONDON
_bMAYFIELD
_c2001
300 _a613P
942 _2ddc
_cBOOKS
_n0
999 _c13545
_d13545